| 000 | 00000nam##2200000za#4500 |
| 001 | 9.641299 |
| 003 | CaOODSP |
| 005 | 20210624223137 |
| 007 | cr ||||||||||| |
| 008 | 150407|2009||||xxc|||||o f|0| 0 fre|d |
| 040 | |aCaOODSP|bfre |
| 043 | |an-cn--- |
| 086 | 1 |aM114-30/2009F-PDF |
| 110 | 1 |aCanada. |bRessources naturelles Canada. |
| 245 | 10|aGuide de consultation rapide sur les tests de conformité et l'optimisation de la performance des services de l'ICDG / |h[ressource électronique]|c[par] GéoConnexions. |
| 260 | |aOttawa - Ontario : |bRessources naturelles Canada |c12 mai 2009. |
| 300 | |a17p.|bfigures, graphiques, références, tableaux |
| 590 | |a13-03-Supp|b2013-02-11 |
| 691 | 07|aDéveloppement de produit|2gcpds |
| 691 | 07|aGéomatique|2gcpds |
| 775 | 08|tQuick guide for CGDI service compliance testing and performance optimization / |w(CaOODSP)9.697238 |
| 856 | 40|ahttp://publications.gc.ca|qPDF|s449 Ko|uhttps://publications.gc.ca/collections/collection_2013/rncan-nrcan/M114-30-2009-fra.pdf |